00910nam a2200241 a 450000100100000000500170001000800410002702000150006804000250008304100390010808200130014710000270016024000450018724501040023226000370033630000210037353400700039450400320046470000290049604900090052595201170053499900170065100002443220200930023154.0110127s1986 ag r 001 0 spa d a9509097527 aDO-SdBNPbspacBNPHU17aspaheng2Código de idiomas MARC ann*bnn*1 aHorowitz, Ruth.95008710aHonor and the american dream.lEspañol10aCultura, honor e identidad en una comunidad chicana /cRuth Horowitz ; traducción de Anibal Leal. aBuenos Aires :bFraterna,c1986. a367 p. ;c20 cm. aTítulo del original en inglés :tHonor and the american dream aBibliografía : 347-365 p.1 aLeal, Anibal,etr.94573 aBNGR 001054708MOaGRbGRcCTd2011-01-27iLF1l0onn* nn*p24432-10r2020-06-25w2020-06-25y4ZPréstamo en sala c23925d23925